000 00560nam a22002057a 4500
003 OSt
005 20140310184524.0
008 131017t xxu||||| |||| 00| 0 eng d
020 _a0517587831
050 _aQE 862.S3
_b.H67 1992
100 _aHorner, John R.
_927357
245 _aDigging up tyrannosaurus rex /
_cJohn R. Horner & Don Lessem.
260 _aNew York ;
_bScholastic Inc.,
_c1992.
300 _a36 p.:
_bcol. ill. ;
_c26 cm.
521 _aG9
526 _c1000
650 _aDinasaurs.
_930235
942 _2lcc
_cBK-SCHOLAS
999 _c35080
_d35080